• 首页
  • 本馆介绍
  • 公告通知
  • 最新文献
  • 馆藏检索
  • 电子资源
  • 读者导购
  • 参考咨询
  • 我的图书馆
  • 登录
  • 详细信息显示
  • 放入我的书架
  • 预约/预借图书
  • 作者相关作品
  • 分类相关作品
  • 丛书相关作品
  • 出版社相关作品

书目信息

  • 表格格式
  • 工作单格式
  • 卡片格式
题名:
铁人三项运动训练完全指南
    
 
作者: 迪克森 , 威灵嘉, , 科切尔, , 博纳贝尔, 著 ;许晶 译 ;北京铁人三项运动协会 译
分册:  
出版信息: 北京   中国轻工业出版社  2019.07
页数: 160页
开本: 25cm
丛书名:
单 册:
中图分类: G888.12-62
科图分类:
主题词: 铁人三项全能运动--tie ren san xiang quan neng yun dong--运动训练--指南
电子资源:
ISBN: 978-7-5184-2493-1
000 01708nam0 2200337 450
001 012001000231
005 20141201113621.0
010    @a978-7-5184-2493-1@dCNY88.00
099    @aCAL 012019107695
100    @a20220905d2019 em y0chiy50 ea
101 1  @achi@ceng
102    @aCN@b110000
105    @aak z 000yy
106    @ar
200 1  @a铁人三项运动训练完全指南@Atie ren san xiang yun dong xun lian wan quan zhi nan@d= Serious about your sport@f(英) 亚当·迪克森 ... [等] 著@g许晶, 北京铁人三项运动协会译译@zeng
210    @a北京@c中国轻工业出版社@d2019.07
215    @a160页@c彩图@d25cm
304    @a题名页题其余责任者: 雷默特·威灵嘉, 保罗·科切尔, 托马斯·博纳贝尔
314    @a亚当·迪克森是小说和人文社科作家。雷默特·威灵嘉是一位前职业自行车选手。保罗·科切尔是跑步专家。托马斯·博纳贝尔是一个广播电视和人文社科作家。
330    @a这是一本关于铁人三项运动训练的指导性图书, 书中分别对铁人三项运动中的跑步、游泳、自行车三项运动进行了详细细的基础知识讲述, 包括运动原理、训练方法、饮食搭配、运动技巧, 以及心理调节都有详细的阐述, 同时还对三项赛的交叉训练进行了更加详细的阐释, 并对参赛的初级、中级、高级运动选手给出了备战训练方案。
500 10 @aSerious about your sport@mChinese
606 0  @a铁人三项全能运动@Atie ren san xiang quan neng yun dong@x运动训练@j指南
690    @aG888.12-62@v5
701  1 @a迪克森@Adi ke sen@g(Dickson, Adam)@4著
701  1 @a威灵嘉,@Awei ling jia@b雷默特@4著
701  1 @a科切尔,@Ake qie er@b保罗@4著
701  1 @a博纳贝尔,@Abo na bei er@b托马斯@4著
702  0 @a许晶@Axu jing@4译
712 02 @a北京铁人三项运动协会@Abei jing tie ren san xiang yun dong xie hui@4译
801  0 @aCN@bAHXH@c20221111
905    @b1361938-42@dG888.12-62@e255@f5
    
    铁人三项运动训练完全指南= Serious about your sport/(英) 亚当·迪克森 ... [等] 著/许晶, 北京铁人三项运动协会译译.-北京:中国轻工业出版社,2019.07
    160页:彩图;25cm
    
    
    ISBN 978-7-5184-2493-1:CNY88.00
    这是一本关于铁人三项运动训练的指导性图书, 书中分别对铁人三项运动中的跑步、游泳、自行车三项运动进行了详细细的基础知识讲述, 包括运动原理、训练方法、饮食搭配、运动技巧, 以及心理调节都有详细的阐述, 同时还对三项赛的交叉训练进行了更加详细的阐释, 并对参赛的初级、中级、高级运动选手给出了备战训练方案。
●
相关链接 在E读中查询图书 在五车中查询图书 在当当中查询图书 在豆瓣中查询图书


正题名:铁人三项运动训练完全指南     索取号:G888.12-62/255         预约/预借

序号 登录号 条形码 馆藏地/架位号 状态 备注
1 1361938   213619388   第一样本阅览室/ [索取号:G888.12-62/255] 在馆    
2 1361939   213619397   教育系资料室/ [索取号:G888.12-62/255] 在馆    
3 1361940   213619404   教育系资料室/ [索取号:G888.12-62/255] 在馆    
4 1361941   213619413   第四借阅区/ [索取号:G888.12-62/255] 在馆    
5 1361942   213619422   第四借阅区/ [索取号:G888.12-62/255] 在馆    
唐山师范学院图书馆 欢迎您!
大连网信软件有限公司© 版权所有